000 00711nam a2200265 a 4500
003 AR-BaBNM
005 20251128202826.0
008 082120s2002 ||||||||||||||000 | spa||
040 _cAR-BaBNM
100 1 _aBonet, Carmelo Meliton
245 0 0 _aEn torno a la estética literaria
260 _aBuenos Aires
_bNova
_c1959
300 _a124 p.
490 0 _aCompendios Nova de iniciación cultural
_vv. 30
500 _aContiene índice general
500 _aAdvertencia preliminar
650 4 _aFILOSOFIA LITERARIA
650 4 _aESTETICA
650 4 _aCREACION ARTISTICA
650 4 _aLITERATURA POPULAR
650 4 _aESCUELAS FILOSOFICAS
655 _aLITERATURA
942 _cBK
998 _cisola
999 _c755
_d755